000 00302nam a22001097a 4500
008 230606b xxu||||| |||| 00| 0 eng d
082 _a354.662619
_bMOH
100 _cAbdoulaye mohamadou
_dJune 2009
245 _adecentralosed and local power in Niger
_bIssue paper no.150
300 _a24p
942 _2ddc
_cBK
999 _c660
_d660